000 00350 a2200157 4500
001 48911
020 _a858546612X
040 _cAnchieta - Bela Vista
100 _aPaes, José Paulo
240 1 0 _aUma letra puxa a outra
_lpor
245 1 0 _aUma letra puxa a outra
300 _a24
362 0 _a2003
650 4 _aLiteratura infantil
942 _cBK
999 _c48911
_d48911